Matematické modelovanie membránovej kryštalizácie

Salvato in:
Dettagli Bibliografici
Autore principale: Droščínová, Lucia (Autore)
Altri autori: Červeňanský, Ivan (Relatore della tesi)
Natura: Manoscritto Libro
Lingua:slovacco
Pubblicazione: 2023
Soggetti:
Accesso online:http://is.stuba.sk/zp/portal_zp.pl?podrobnosti=162500
Tags: Aggiungi Tag
Nessun Tag, puoi essere il primo ad aggiungerne!!

MARC

LEADER 00000ntm a22000003a 4500
001 stuzp94216
003 SK-STU
005 20230909221412.0
007 ta
008 150427s2015----xo-----f-mn---000-0-slo-d
040 |a STU  |b slo 
041 0 |a slo 
100 1 |a Droščínová, Lucia  |u 046230  |4 aut  |U FCHPT Ústav chemického a environmentálneho inžinierstva  |T FCHPT Oddelenie chemického a biochemického inžinierstva  |X 110661  |U C6230  |Y 119  |7 110661 
242 0 1 |a Mathematical modeling of membrane crystallization  |y eng 
245 1 0 |a Matematické modelovanie membránovej kryštalizácie 
260 |c 2023 
650 4 |a membránová kryštalizácia  |2 slo 
650 4 |a membránová destilácia  |2 slo 
650 4 |a stripovací plyn  |2 slo 
650 4 |a membrane distillation  |2 eng 
650 4 |a sweeping gas  |2 eng 
650 4 |a membrane assisted crystallization  |2 eng 
700 1 |a Červeňanský, Ivan  |u 046230  |k Z1  |4 ths  |U FCHPT Ústav chemického a environmentálneho inžinierstva  |T FCHPT Oddelenie chemického a biochemického inžinierstva  |X 44034  |U C6230  |Y 119  |7 A00000044034 
856 4 |u http://is.stuba.sk/zp/portal_zp.pl?podrobnosti=162500